5HLuxD.jpg

KING HENRY VIII SENIOR AND PRIMARY SCHOOL LIBRARY OPAC

Before the coffee gets cold / (Record no. 2511)

000 -LEADER
fixed length control field 02567cam a22004337i 4500
001 - CONTROL NUMBER
control field 21351796
003 - CONTROL NUMBER IDENTIFIER
control field OSt
005 - DATE AND TIME OF LATEST TRANSACTION
control field 20230623075409.0
008 - FIXED-LENGTH DATA ELEMENTS--GENERAL INFORMATION
fixed length control field 190529t20192019enk 000 f eng d
010 ## - LIBRARY OF CONGRESS CONTROL NUMBER
LC control number 2019401489
015 ## - NATIONAL BIBLIOGRAPHY NUMBER
National bibliography number GBB9B6871
Source bnb
016 7# - NATIONAL BIBLIOGRAPHIC AGENCY CONTROL NUMBER
Record control number 019453969
Source Uk
020 ## - INTERNATIONAL STANDARD BOOK NUMBER
International Standard Book Number 9781529029581
Qualifying information (paperback)
035 ## - SYSTEM CONTROL NUMBER
System control number (OCoLC)on1090686340
040 ## - CATALOGING SOURCE
Original cataloging agency YDX
Language of cataloging eng
Transcribing agency YDX
Description conventions rda
Modifying agency UKMGB
-- KH8
-- ATNSH
-- YDXIT
-- OCLCQ
-- NZAUC
-- OCLCF
-- AUAMR
-- MNN
-- DLC
041 1# - LANGUAGE CODE
Language code of text/sound track or separate title eng
Language code of original jpn
042 ## - AUTHENTICATION CODE
Authentication code lccopycat
082 04 - DEWEY DECIMAL CLASSIFICATION NUMBER
Classification number FIC KAW
100 1# - MAIN ENTRY--PERSONAL NAME
Personal name Kawaguchi, Toshikazu,
Dates associated with a name 1971-
Relator term author.
240 10 - UNIFORM TITLE
Uniform title Coffee ga samenai uchini.
Language of a work English
245 10 - TITLE STATEMENT
Title Before the coffee gets cold /
Statement of responsibility, etc. Toshikazu Kawaguchi ; translated from the Japanese by Geoffrey Trousselot.
264 #1 - PRODUCTION, PUBLICATION, DISTRIBUTION, MANUFACTURE, AND COPYRIGHT NOTICE
Place of production, publication, distribution, manufacture London :
Name of producer, publisher, distributor, manufacturer Picador, an imprint of Pan Macmillan,
Date of production, publication, distribution, manufacture, or copyright notice 2019.
264 #4 - PRODUCTION, PUBLICATION, DISTRIBUTION, MANUFACTURE, AND COPYRIGHT NOTICE
Date of production, publication, distribution, manufacture, or copyright notice ©2019
300 ## - PHYSICAL DESCRIPTION
Extent 213 pages ;
Dimensions 20 cm
336 ## - CONTENT TYPE
Content type term text
Content type code txt
Source rdacontent
337 ## - MEDIA TYPE
Media type term unmediated
Media type code n
Source rdamedia
338 ## - CARRIER TYPE
Carrier type term volume
Carrier type code nc
Source rdacarrier
500 ## - GENERAL NOTE
General note Originally published in Japan as Coffee ga samenai uchini by Sunmark Publishing Inc., Tokyo, Japan in 2015.
505 0# - FORMATTED CONTENTS NOTE
Formatted contents note The lovers -- Husband and wife -- The sisters -- Mother and child.
520 ## - SUMMARY, ETC.
Summary, etc. "In a small back alley in Tokyo, there is a café which has been serving carefully brewed coffee for more than one hundred years. But this coffee shop offers its customers a unique experience: the chance to travel back in time. In Before the Coffee Gets Cold, we meet four visitors, each of whom is hoping to make use of the café's time-travelling offer, in order to confront the lover who left them, receive a letter from their husband whose memory has begun to fade, see their sister one last time, and meet the daughter they never got the chance to know. But the journey into the past does not come without risks: customers must sit in a particular seat, they cannot leave the café, and finally, they must return to the present before the coffee gets cold... Toshikazu Kawaguchi's beautiful, moving story explores the age-old question: what would you change if you could travel back in time? More importantly, who would you want to meet, maybe for one last time?" --
Assigning source Jacket.
650 #0 - SUBJECT ADDED ENTRY--TOPICAL TERM
Topical term or geographic name entry element Coffeehouses
Geographic subdivision Japan
-- Tokyo
Form subdivision Fiction.
650 #0 - SUBJECT ADDED ENTRY--TOPICAL TERM
Topical term or geographic name entry element Time travel
Form subdivision Fiction.
650 #0 - SUBJECT ADDED ENTRY--TOPICAL TERM
Topical term or geographic name entry element Interpersonal relations
Form subdivision Fiction.
700 1# - ADDED ENTRY--PERSONAL NAME
Personal name Trousselot, Geoffrey,
Relator term translator.
906 ## - LOCAL DATA ELEMENT F, LDF (RLIN)
a 7
b cbc
c copycat
d 3
e ncip
f 20
g y-gencatlg
942 ## - ADDED ENTRY ELEMENTS (KOHA)
Source of classification or shelving scheme
Koha item type Books - Fiction
Holdings
Withdrawn status Lost status Source of classification or shelving scheme Damaged status Not for loan Permanent Location Current Location Shelving location Date acquired Total Checkouts Full call number Barcode Date last seen Date last checked out Price effective from Koha item type
          KH8 Senior School Library KH8 Senior School Library Fiction 2023-06-23 6 FIC KAW 3KHSL000101994 2026-03-03 2026-01-21 2023-06-23 Books - Fiction

Powered By KH8 IT Dept